000 01050nam a22003377a 4500
001 0001074
003 KOHA_MİRAKIL
005 20260207001229.0
007 ta
008 081212b2005 us |||gr||||#0|||0|eng |
020 _a0764595636
_q(paper/website)
_cYTL71,835999999999999
040 _aTR-BiSEU
_btur
_cTR-BiSEU
_erda
041 0 _aeng
044 _cus
050 _aTK5105.8885
_b.P76 2005
245 0 _aProfessional DotNetNuke ASP.Net portals/
_cShaun Walker... [ve bşk.].
264 1 _aIndianapolis, IN :
_bWiley Pub.
_c2005
300 _axxv, 421 sayfa: resimli
336 _ametin
_btxt
_2rdacontent
337 _aaracısız
_bn
_2rdamedia
338 _acilt
_bnc
_2rdacarrier
500 _aDizin var.
650 0 _aWeb sites--Tasarım.
_91523
650 0 _aWeb sitesi geliştirme.
_91524
650 0 _aWeb siteleri--Yazılım programları.
_91525
650 0 _aWeb sites--Design.
_91526
650 0 _aWeb sites development.
_91527
650 0 _aWeb sites--Authoring programs.
_91528
907 _aBilgisayar
942 _2lcc
_cBK
999 _c1069
_d1069